UBT Library

Fundamentals of physical science (Record no. 44618)

000 -LEADER
fixed length control field 00500cam a22001931 4500
001 - CONTROL NUMBER
control field 752275
005 - DATE AND TIME OF LATEST TRANSACTION
control field 20180309083858.0
008 - FIXED-LENGTH DATA ELEMENTS--GENERAL INFORMATION
fixed length control field 711124s1966 nyuab 000 0 eng
010 ## - LIBRARY OF CONGRESS CONTROL NUMBER
LC control number 65023555
040 ## - CATALOGING SOURCE
Original cataloging agency DLC
Transcribing agency DLC
Modifying agency DLC
041 ## - LANGUAGE CODE
Language code of text/sound track or separate title eng
080 ## - UNIVERSAL DECIMAL CLASSIFICATION NUMBER
Universal Decimal Classification number 500.2 KRA
082 00 - DEWEY DECIMAL CLASSIFICATION NUMBER
Classification number 500.2 KRA
100 1# - Rafti
Rafti 43
101 ## - Shkurtesa
Shkurtesa FIZ
245 10 - TITLE STATEMENT
Title Fundamentals of physical science
Statement of responsibility, etc [by] Konrad Krauskopf [and] Arthur Beiser.
906 ## - LOCAL DATA ELEMENT F, LDF (RLIN)
a 7
b cbc
c orignew
d u
e ocip
f 19
g y-gencatlg
942 ## - ADDED ENTRY ELEMENTS (KOHA)
Source of classification or shelving scheme
Item type Books
Holdings
Withdrawn status Lost status Source of classification or shelving scheme Damaged status Not for loan Collection code Permanent location Current location Shelving location Date acquired Total Checkouts Full call number Barcode Date last seen Price effective from Koha item type
          Koleksioni i përgjithshem UBT - Lipjan UBT - Lipjan Koleksioni i përgjithshem 03/09/2018   500.2 KRA 002-3001445 03/09/2018 03/09/2018 Books
UBT Library © 2015-2024. All rights reserved University Education for Business and Technology